00574nam a2200157 4500001000700000003000900007005001700016007000300033008004100036100003300077245011100110260007300221300002100294710006600315852003500381137543ES-MaACL20230906195408.0t|070214s1981 sp r ||||1| spa d1 aSánchez Carrilero, Javier.13aLa asistencia al detenido en el Derecho Positivo español b: conferencia / cJavier Sánchez Carrilero. aMadrid : bDirección General de lo Contencioso del Estado, c1981. a11 p. ; c23 cm.2 aEspaña. bDirección General de lo Contencioso del Estado. aES-MaACLj2133-F-17 bR.106780